000 00564nam a2200217Ia 4500
003 OSt
005 20220923230920.0
006 a|||||r|||| 00| 0
007 ta
008 Pun
024 _a306,422
037 _cTextual
040 _aARTS
_cARTS
_bPun
041 _2Pun
_aPun
082 _aO153,8NJAx, M3
100 _aਜਾਂਗਲੀ, Fੇਰ ਜੰਗ
_9168998
245 0 _aਤਮਾFਾ ਗ਼॥ਮੀ ਦਾ
260 _c1983
942 _hO153,8NJAx, M3
_cTEXL
_2CC
999 _c388203
_d388203